000 00435nam a2200181Ia 4500
001 9106
005 20260306160659.0
008 260306t2018||||xx |||||||||||||| ||spa||
041 _aESP
082 _a372.66
_bG26
100 _aGarzón Quintero, Nelson
_eAUT
245 0 _aCómo enseñar teatro en la escuela
260 _c2018
300 _a138 páginas :
_c24 cm.
650 _aGEN
654 _aCED
942 _cLIB
_dJUS
_fJUS
_2ddc
_n
999 _c9106
_d9106